00792nam a22002417a 4500999001500000001000500015003000900020005001700029008004100046020001600087020001800103040003800121082001600159245006400175260003800239300004000277490003400317650002700351650002500378700002100403942001200424952011400436 c2726d27269858BD-DhUAP20200227104411.0200227s1995 enka|||| |||| 00| 0 eng d a1854902245  a9781854902245 aBD-DhUAPbEngcBD-DhUAPdBD-DhUAP 223a770 PHO aPhotography in the visual arts /cEdited by Nicola Kearton. aLondon : bAcademy Group,cc1995. a96 pages :billustrations ;c30 cm. aArt & and design profile, 44. aPhotography, Artistic. aArt and photography. aKearton, Nicola. 2ddccBK 00102ddc4070aUAPCLbUAPCLcGeneral Stacksd2020-02-27o770 PHOp3010009858r2020-02-27t1w2020-02-27yBK